Phân lập và tuyển chọn một số chủng nấm sợi có hoạt tính kháng khuẩn từ đất ở thành phố Cần Thơ : Báo cáo tổng kết đề tài Khoa học và Công nghệ cấp trường

Đề tài khảo sát khả năng kháng khuẩn của các chủng nấm sợi thu được và tuyển chọn ít nhất một chủng có hoạt tính kháng khuẩn cao, định danh và bảo quản các chủng nấm sợi có hoạt tính kháng khuẩn cao....

Full beskrivning

Sparad:
Bibliografiska uppgifter
Huvudupphovsman: Nguyễn, Thị Khỏe
Materialtyp: Bok
Språk:Undetermined
Publicerad: Cần Thơ Trường Đại học Cần Thơ 2013
Ämnen:
Taggar: Lägg till en tagg
Inga taggar, Lägg till första taggen!
Thư viện lưu trữ: Trung tâm Học liệu Trường Đại học Cần Thơ
LEADER 01205nam a2200217Ia 4500
001 CTU_205670
008 210402s9999 xx 000 0 und d
082 |a 579.5 
082 |b Kh420 
088 |a TSV2012-06 
100 |a Nguyễn, Thị Khỏe 
245 0 |a Phân lập và tuyển chọn một số chủng nấm sợi có hoạt tính kháng khuẩn từ đất ở thành phố Cần Thơ : 
245 0 |b Báo cáo tổng kết đề tài Khoa học và Công nghệ cấp trường 
245 0 |c Nguyễn Thị Khỏe (Chủ nhiệm đề tài) ; Nguyễn Thị Hà (Cán bộ hướng dẫn) 
260 |a Cần Thơ 
260 |b Trường Đại học Cần Thơ 
260 |c 2013 
520 |a Đề tài khảo sát khả năng kháng khuẩn của các chủng nấm sợi thu được và tuyển chọn ít nhất một chủng có hoạt tính kháng khuẩn cao, định danh và bảo quản các chủng nấm sợi có hoạt tính kháng khuẩn cao. 
650 |a Fungi,Nấm 
904 |i Hải 
980 |a Trung tâm Học liệu Trường Đại học Cần Thơ